书目信息 |
| 题名: |
30分钟图解葡萄酒
|
|
| 作者: | ;菲斯乐加 著 | |
| 分册: | ||
| 出版信息: | 北京 民主与建设出版社有限责任公司 2017.12 |
|
| 页数: | 133页 | |
| 开本: | 21cm | |
| 丛书名: | ||
| 单 册: | ||
| 中图分类: | TS262.61-49 | |
| 科图分类: | ||
| 主题词: | 葡萄酒--普及读物 | |
| 电子资源: | ||
| ISBN: | 978-7-5139-1841-1 | |
| 000 | 00744nam0 2200217 450 | |
| 001 | 5019 | |
| 005 | 20181013173408.27 | |
| 010 | @a978-7-5139-1841-1@dCNY42.00 | |
| 100 | @a20180513d2017 em y0chiy50 ea | |
| 101 | 0 | @achi |
| 102 | @aCN@b110000 | |
| 105 | @aa z 000yy | |
| 200 | 1 | @a30分钟图解葡萄酒@930 fen zhong tu jie pu tao jiu@f菲斯乐加著 |
| 210 | @a北京@c民主与建设出版社有限责任公司@d2017.12 | |
| 215 | @a133页@d21cm | |
| 330 | @a本书是一部葡萄酒知识普及读本,讲解了葡萄酒的酿造、葡萄酒的历史文化,餐酒如何搭配,生活中如何购买、享用、储存葡萄酒等方面的知识。 | |
| 606 | 0 | @a葡萄酒@j普及读物 |
| 690 | @aTS262.61-49@v5 | |
| 711 | 02 | @a菲斯乐加@9fei si le jia@4著 |
| 801 | 0 | @aCN@b91MARC@c20180513 |
| 905 | @aMuseLib@dTS262.61-49@e297 | |
| 30分钟图解葡萄酒/菲斯乐加著.-北京:民主与建设出版社有限责任公司,2017.12 |
| 133页;21cm |
| ISBN 978-7-5139-1841-1:CNY42.00 |
| 本书是一部葡萄酒知识普及读本,讲解了葡萄酒的酿造、葡萄酒的历史文化,餐酒如何搭配,生活中如何购买、享用、储存葡萄酒等方面的知识。 |
| ● |
| 相关链接 |
|
|
|
|
正题名:30分钟图解葡萄酒
索取号:TS262.61-49/297
 
预约/预借
| 序号 | 登录号 | 条形码 | 馆藏地/架位号 | 状态 | 备注 |
| 1 | 1127754 | 211277544 | 第二样本阅览室/ [索取号:TS262.61-49/297] | 在馆 | |
| 2 | 1127755 | 211277553 | 第三借阅区/ [索取号:TS262.61-49/297] | 在馆 | |
| 3 | 1127756 | 211277562 | 第三借阅区/ [索取号:TS262.61-49/297] | 在馆 | |
| 4 | 1127757 | 211277571 | 第三借阅区/ [索取号:TS262.61-49/297] | 在馆 | |
| 5 | 1127758 | 211277580 | 密集书库-生命科学系/ [索取号:TS262.61-49/297] | 在馆 |